Oscar A. Romero : biografía /
Biografía de Monseñor Oscar Romero, Arzobispo de El Salvador. Monseñor Romero destacó por su incansable lucha por los derechos humanos en su país y por la constante y profunda crítica hacia el sistema político de su país. Murió asesinado en 1980.
Gorde:
| Egile nagusia: | |
|---|---|
| Formatua: | Liburua |
| Hizkuntza: | gaztelania |
| Argitaratua: |
Madrid, España :
Ediciones Paulinas,
1986, c1986
|
| Gaiak: | |
| Etiketak: |
Etiketarik gabe, Izan zaitez lehena erregistro honi etiketa jartzen!
|
MARC
| LEADER | 00000nam^a2200000^a^4500 | ||
|---|---|---|---|
| 001 | 000102212 | ||
| 005 | 20250521000000.0 | ||
| 009 | 20260310093304.913 | ||
| 020 | |a 84-285-1084-9 | ||
| 037 | |a Acervo ITESO - Biblioteca | ||
| 041 | |a ESP | ||
| 082 | |a 200. 92 |b DEL | ||
| 100 | |a Delgado, Jesús |e (autor) | ||
| 245 | 1 | 0 | |a Oscar A. Romero : |b biografía / |c J. Delgado. |
| 264 | 4 | |a Madrid, España : |b Ediciones Paulinas, |c 1986, c1986 | |
| 300 | |a 205 p. | ||
| 336 | |a texto |b txt |2 rdacontenido | ||
| 337 | |a sin mediación |b n |2 rdamedio | ||
| 338 | |a volumen |b nc |2 rdasoporte | ||
| 520 | |a Biografía de Monseñor Oscar Romero, Arzobispo de El Salvador. Monseñor Romero destacó por su incansable lucha por los derechos humanos en su país y por la constante y profunda crítica hacia el sistema político de su país. Murió asesinado en 1980. | ||
| 649 | |a XX | ||
| 650 | |a Obispos de El Salvador - |x Biografías | ||
| 650 | |a Religiosos Salvadoreños - |x Biografías | ||
| 650 | |a Iglesia Católica en El Salvador | ||
| 650 | |a Asesinato Político | ||
| 650 | |a Derechos Humanos - |z El Salvador | ||
| 650 | |a Política - |z El Salvador - |x Historia - |y 1980-1989 | ||
| 600 | |a Romero, Oscar A., |c Santo | ||
| 910 | |a Fondo General | ||
| 920 | |a Impresos - Libros | ||
| 930 | |a Colección General | ||
| 905 | |a 101 | ||
| 901 | |a 0500038405 |b IT1 |c ACC |u 20250521 | ||
| 902 | |a https://opac.biblio.iteso.mx/vufind/Record/000102212 | ||